000 01200cam a2200193 4500
001 WB3820-23
008 020606n2002 000 0 eng u
035 _a(Sirsi) u118301
245 _aLondon Mayor accused over planning decisions
260 _c2002
490 _aGLA News Release
_v (258), 1 June 2002
520 _aGLA has accused London Mayor Ken Livingstone of acting undemocratically for allowing influencial people to attend planning meetings which exclude ordinary Londoners. "Behind closed doors" suggests decisions are made after consultation with powerful people in a climate of secrecy, and negating the principles of open government. GLA Press Release: http://www.london.gov.uk/approot/view_press_release_a.jsp?releaseid=1147 "Behind closed doors" report available in PDF form at: http://www.london.gov.uk/approot/assembly/reports/behind_closed_doors/behind_closed_doors_full2.pdf Mayor's response to report: http://www.london.gov.uk/approot/view_press_release.jsp?releaseid=1150
590 _aWB
650 _aGLA
650 _aGREATER LONDON ASSEMBLY
650 _aPLANNING DECISIONS
690 _aENVIRONMENTAL AND LAND CONSULTANCY-PLANNING AND DEVELOPMENT
942 _n0
999 _c70432
_d70432